00458nam a2200193 a 4500001001300000003000900013005001700022008004100039020001000080082001700090100001700107245001300124260003500137300000800172500003500180505001000215650002200225700001700247nice12345678IN_TiNIC20260116011901.0050524s1953 illa grp 000 0 eng  ac10000a231.765bCLA aClark, R C D aCreation aIllinoisbTyndale House c1953 a72p aincludes index and biblioraphy2 aIndex aTheology-Creation1 aClark, R C D